Spell the Marvel Hero #145 - Statistics

General Stats
  • This quiz has been taken 11 times
  • The average score is 9 of 12
Answer Stats
Picture Answer % Correct
Emma Frost
100%
Angel
90%
Black Panther
90%
Devil Dinosaur
90%
Echo
90%
Yondu
90%
Honey Badger
80%
Reptil
80%
Omega
70%
Gorilla-Girl
50%
Hope Summers
50%
Night Raven
20%
No matching quizzes found
Score Distribution
Percent of People with Each Score
Percentile by Number Answered
Your Score History
You have not taken this quiz